00350pab a2200133 454500008004000000100001400040245005900054260000900113300001000122362001400132650002200146700001900168773002900187180718b1986 xxu||||| |||| 00| 0 eng d aWard, Ian aThe government and local accountability since Layfield c1986 a21-32 aJan.-Feb. aMunicipal Finance aPeter Williams aLocal Government Studies